[Event "Nimzoindian Tribute to Pink Floyd"]
[Site "SchemingMind.com"]
[Date "2012.12.13"]
[Round "-"]
[White "kaspy2011"]
[Black "John Galvin"]
[Result "0-1"]
[WhiteCountry "IND"]
[BlackCountry "USA"]
[WhiteElo "1577"]
[WhiteRD "114"]
[BlackElo "2362"]
[BlackRD "71"]
[GameID "322726"]

1. d4 Nf6 2. c4 e6 3. Nc3 Bb4 4. e3 O-O 5. Bd3 d5 6. Ne2 dxc4 7. Bxc4 c5 8. O-O cxd4 9. Qxd4 Nc6 10. Qxd8 Rxd8
11. a3 Be7 12. b4 Ne5 13. Bb3 a5 14. b5 Bd7 15. a4 Bb4 16. Ba3 Rdc8 17. Bxb4 axb4 18. Na2 Ne4 19. Rac1 Nd2 20. Rb1 Nxf1
21. Kxf1 Nc4 22. Ke1 Nb6 23. Nxb4 Nxa4 24. f3 Bxb5 25. Nd4 Nc3 26. Rc1 Ba4 27. Bxa4 Nxa4 28. Rb1 Nc5 29. Ke2 f6
0-1

[Event "Nimzoindian Tribute to Pink Floyd"]
[Site "SchemingMind.com"]
[Date "2012.12.11"]
[Round "-"]
[White "John Galvin"]
[Black "kaspy2011"]
[Result "1-0"]
[WhiteCountry "USA"]
[BlackCountry "IND"]
[WhiteElo "2350"]
[WhiteRD "72"]
[BlackElo "1674"]
[BlackRD "120"]
[GameID "322734"]

1. d4 Nf6 2. c4 e6 3. Nc3 Bb4 4. f3 d5 5. e3 O-O 6. a3 Bxc3+ 7. bxc3 c6 8. cxd5 exd5 9. Bd3 Re8 10. Ne2 Nbd7
11. O-O Nf8 12. Ng3 Ng6 13. e4 dxe4 14. fxe4 Bg4 15. Qd2 Nh5 16. Nf5 Nhf4 17. Rxf4 Bxf5 18. Rxf5 Qh4 19. Qe2 h6 20. e5 Rad8
21. Be3 c5 22. Raf1 cxd4 23. Qa2 dxe3 24. Qxf7+ Kh7 25. Rf6
1-0

[Event "Nimzoindian Tribute to Pink Floyd"]
[Site "SchemingMind.com"]
[Date "2012.12.28"]
[Round "-"]
[White "kenneth m day"]
[Black "Andrea Carra"]
[Result "1/2-1/2"]
[WhiteCountry "USA"]
[BlackCountry "ITA"]
[WhiteElo "1720"]
[WhiteRD "53"]
[BlackElo "1920"]
[BlackRD "144"]
[GameID "323953"]

1. d4 Nf6 2. c4 e6 3. Nc3 Bb4 4. Qc2 c5 5. dxc5 O-O 6. a3 Bxc3+ 7. Qxc3 h6 8. Nf3 d5 9. Bf4 Nc6 10. Rd1 b6
11. e3 bxc5 12. Bd3 Qa5 13. Qxa5 Nxa5 14. cxd5 Nxd5 15. Bd6 Rd8 16. Bxc5 Nb3 17. Bd4 Nxd4 18. Nxd4 Bd7 19. O-O a5 20. Rc1 a4
21. Rfd1 Rdc8 22. Rc4 Rab8 23. Rd2 Kf8 24. Rdc2 Ke7 25. Rxc8 Rxc8 26. Rxc8 Bxc8 27. Bc4 Kd6 28. b4 axb3 29. Bxb3 Kc5 30. Kf1 Bd7
31. Ke2 Nc3+ 32. Kd3 Nb1 33. a4 Kb4 34. Kc2 Na3+ 35. Kb2 Bxa4 36. Bxa4 Kxa4 37. Kc3 Ka5 38. Nf3 Kb6 39. Kd4 Nb5+ 40. Ke5 Kc7
41. Nd4=
1/2-1/2

[Event "Nimzoindian Tribute to Pink Floyd"]
[Site "SchemingMind.com"]
[Date "2012.12.29"]
[Round "-"]
[White "Andrea Carra"]
[Black "kenneth m day"]
[Result "1-0"]
[WhiteCountry "ITA"]
[BlackCountry "USA"]
[WhiteElo "1954"]
[WhiteRD "146"]
[BlackElo "1771"]
[BlackRD "54"]
[GameID "323956"]

1. d4 Nf6 2. c4 e6 3. Nc3 Bb4 4. Qc2 O-O 5. a3 Bxc3+ 6. Qxc3 b6 7. f3 d5 8. e3 Bb7 9. Bd3 c5 10. Ne2 Nbd7
11. O-O dxc4 12. Bxc4 Rc8 13. Ba2 Nd5 14. Qd3 cxd4 15. exd4 Qh4 16. Qe4 Qe7 17. Qd3 N7f6 18. Bd2 Qd6 19. Rae1 Rfe8 20. Bb1 h6
21. f4 Ne7 22. Ng3 Ng6 23. Re2 Red8 24. f5 exf5 25. Nxf5 Qd5 26. Nxh6+ gxh6 27. Rxf6 Qxd4+ 28. Qxd4 Rxd4 29. Bxg6 fxg6 30. Rxg6+ Kf7
31. Rxh6 Ba6 32. Bc3 Rd1+ 33. Re1 Rxe1+ 34. Bxe1 Rc1 35. Kf2 Rc2+ 36. Kg3 Rxb2 37. Rf6+ Ke7 38. Rf2 Rb3+ 39. Rf3 Rb1 40. Re3+ Kf6
41. Kf4 Kf7 42. g4 Rb2 43. h4 Rg2 44. g5 Bc8 45. Bg3 Rg1 46. Rc3 Rf1+ 47. Ke5 Rf5+ 48. Kd6 Ba6 49. Rc7+ Kg6 50. Rxa7 Be2
51. Be5 b5 52. Rg7+ Kh5 53. Rh7+ Kg6 54. Rh6+ Kf7 55. g6+
1-0

[Event "Nimzoindian Tribute to Pink Floyd"]
[Site "SchemingMind.com"]
[Date "2013.01.20"]
[Round "-"]
[White "Jari Laine"]
[Black "kibic"]
[Result "1-0"]
[WhiteCountry "FIN"]
[BlackCountry "INT"]
[WhiteElo "2423"]
[WhiteRD "72"]
[BlackElo "2221"]
[BlackRD "86"]
[GameID "325396"]

1. d4 Nf6 2. c4 e6 3. Nc3 Bb4 4. Qc2 c5 5. dxc5 Qc7 6. Nf3 Bxc5 7. g3 a6 8. Bf4 d6 9. Bg2 h6 10. Rc1 O-O
11. a3 a5 12. O-O Nc6 13. Bd2 Qe7 14. e3 Bd7 15. Rfd1 Rfc8 16. Be1 Be8 17. Qb3 Bd7 18. Qc2 Be8 19. h3 Bd7 20. Qe2 a4
21. Nd2 Be8 22. Nde4 Nxe4 23. Nxe4 f6 24. Bc3 Bg6 25. Qg4 Bxe4 26. Qxe4 Na5 27. Rc2 Rc7 28. Bf1 f5 29. Qg2 Nc6 30. Rcd2 Rf8
31. Kh2 Ne5 32. Ba5 Rc6 33. Be2 Rcc8 34. f4 Nc6 35. Bc3 Bxe3 36. Rxd6 Rfd8 37. R6d3 Bb6 38. Bf3 Rxd3 39. Rxd3 Rc7 40. Qd2 Qc5
41. h4 Ba5 42. Qe2 Bxc3 43. Qxe6+ Kh7 44. bxc3 Ne7 45. h5 Qxc4 46. Qxc4 Rxc4 47. Bxb7 Rc7 48. Ba6 Ng8 49. Bb5 Nf6 50. Kg2 Nxh5
51. Bxa4 Rc5 52. Bc2 Nf6 53. a4 g6 54. Bb3 Rc7 55. c4 Ne4 56. Bd1 Ra7 57. Ra3 Ra5 58. Rb3 Ra7 59. Bf3 Rxa4 60. Bxe4 fxe4
61. Rc3 Ra2+ 62. Kf1 Kg7 63. c5 Kf6 64. c6 Ra8 65. c7 Rc8 66. Kf2 Ke6 67. Ke3 Kd7 68. Kxe4 Re8+ 69. Kd5 Kc8 70. Rc6 Rf8
71. Rxg6 Kxc7 72. Ke6 Re8+ 73. Kf7 Rb8 74. Rxh6 Rb3 75. g4 Rb4 76. Rf6 Rd4 77. Kg7 Kd8 78. Kf7 Rd7+ 79. Kf8 Rd3 80. g5
1-0

[Event "Nimzoindian Tribute to Pink Floyd"]
[Site "SchemingMind.com"]
[Date "2013.01.20"]
[Round "-"]
[White "kibic"]
[Black "Jari Laine"]
[Result "0-1"]
[WhiteCountry "INT"]
[BlackCountry "FIN"]
[WhiteElo "2221"]
[WhiteRD "86"]
[BlackElo "2423"]
[BlackRD "72"]
[GameID "325398"]

1. d4 Nf6 2. c4 e6 3. Nc3 Bb4 4. Nf3 O-O 5. e3 b6 6. Bd3 Bb7 7. O-O d5 8. cxd5 exd5 9. a3 Bd6 10. b4 Nbd7
11. Qb3 a6 12. Re1 Re8 13. h3 Rb8 14. Qc2 c5 15. dxc5 bxc5 16. Bb2 cxb4 17. axb4 Bxb4 18. Bxa6 Bxa6 19. Rxa6 Rc8 20. Ra4 Qe7
21. Rc1 Bxc3 22. Bxc3 Ne4 23. Qb2 Ndc5 24. Rd4 Rb8 25. Bb4 Qb7 26. Rb1 h6 27. Ne1 Ne6 28. Rd3 d4 29. exd4 Red8 30. Nf3 Nf4
31. Rb3 Ng5 32. Ne1 Re8 33. Re3 Nge6 34. Kh2 Qd7 35. Rg3 Nxd4 36. Rd1 Nfe2 37. Rg4 Red8 38. Nd3 f5 39. Rg6 Kh7 40. Ra6 Qb7
41. Ra3 Rdc8 42. Rd2 Qc7+ 43. Kh1 Rb6 44. Ra1 Re8 45. Nc1 Nxc1 46. Rxc1 Nc6 47. Qc2 Rxb4 48. Qxf5+ Kh8 49. Rd7 Qe5 50. Qxe5 Nxe5
51. Ra7 Nd3 52. Rc2 Rb2 53. Rxb2 Nxb2 54. Ra2 Nc4 55. Kh2 Kh7 56. Ra4 Re4 57. Kg3 Kg6 58. Ra7 h5 59. f4 Rd4 60. Kf3 Rd3+
61. Kf2 Ne3 62. Ke2 Rc3 63. g3 Nf5 64. g4 Nd4+ 65. Kf2 hxg4 66. hxg4 Rf3+ 67. Kg2 Rxf4 68. Kg3 Rf3+ 69. Kg2 Rc3 70. Ra5 Nc2
71. Ra7 Nb4 72. Ra5 Nd3 73. Kf3 Nc5+ 74. Kf4 Rc4+ 75. Ke5 Rxg4 76. Ra7 Rg5+ 77. Kf4 Kf6 78. Ra8 Ne6+ 79. Kf3 Rf5+
0-1

[Event "Nimzoindian Tribute to Pink Floyd"]
[Site "SchemingMind.com"]
[Date "2013.01.29"]
[Round "-"]
[White "vetran"]
[Black "Marco_M"]
[Result "0-1"]
[WhiteCountry "NED"]
[BlackCountry "ITA"]
[WhiteElo "1984"]
[WhiteRD "77"]
[BlackElo "2175"]
[BlackRD "102"]
[GameID "325784"]

1. d4 Nf6 2. c4 e6 3. Nc3 Bb4 4. Qc2 c5 5. dxc5 O-O 6. Nf3 Na6 7. a3 Bxc3+ 8. Qxc3 Nxc5 9. e3 a5 10. Be2 a4
11. O-O b6 12. Nd4 Bb7 13. f3 d5 14. cxd5 Nxd5 15. Qc2 e5 16. Nf5 Nb3 17. Rb1 Rc8 18. Qd3 Qg5 19. h4 Qf6 20. g4 Rfd8
21. Qb5 Nc5 22. e4 Ba6 23. exd5 Bxb5 24. Bg5 Qxg5 25. hxg5 Bxe2
0-1

[Event "Nimzoindian Tribute to Pink Floyd"]
[Site "SchemingMind.com"]
[Date "2013.01.29"]
[Round "-"]
[White "Marco_M"]
[Black "vetran"]
[Result "1-0"]
[WhiteCountry "ITA"]
[BlackCountry "NED"]
[WhiteElo "2175"]
[WhiteRD "102"]
[BlackElo "1984"]
[BlackRD "77"]
[GameID "325787"]

1. d4 Nf6 2. c4 e6 3. Nc3 Bb4 4. e3 b6 5. Ne2 Bb7 6. a3 Be7 7. d5 O-O 8. Ng3 a5 9. Be2 d6 10. e4 Nbd7
11. Be3 Re8 12. Qd2 Nc5 13. Bd1 Bf8 14. O-O exd5 15. exd5 Nfe4 16. Ncxe4 Nxe4 17. Nxe4 Rxe4 18. Qd3 Re8 19. Ba4 Re7 20. Bc2
1-0

[Event "Nimzoindian Tribute to Pink Floyd"]
[Site "SchemingMind.com"]
[Date "2013.03.02"]
[Round "-"]
[White "Aadsje"]
[Black "NimbleKnight"]
[Result "0-1"]
[WhiteCountry "NED"]
[BlackCountry "USA"]
[WhiteElo "2043"]
[WhiteRD "63"]
[BlackElo "1892"]
[BlackRD "70"]
[GameID "327683"]

1. d4 Nf6 2. c4 e6 3. Nc3 Bb4 4. Qc2 O-O 5. Nf3 c5 6. e3 d5 7. a3 Bxc3+ 8. bxc3 Nc6 9. cxd5 exd5 10. dxc5 Qa5
11. Bd3 Qxc5 12. a4 Re8 13. Ba3 Qa5 14. O-O Bg4
0-1

[Event "Nimzoindian Tribute to Pink Floyd"]
[Site "SchemingMind.com"]
[Date "2013.03.02"]
[Round "-"]
[White "NimbleKnight"]
[Black "Aadsje"]
[Result "1-0"]
[WhiteCountry "USA"]
[BlackCountry "NED"]
[WhiteElo "1892"]
[WhiteRD "70"]
[BlackElo "2043"]
[BlackRD "63"]
[GameID "327685"]

1. d4 Nf6 2. c4 e6 3. Nc3 Bb4 4. Qc2 O-O 5. a3 Bxc3+ 6. Qxc3 d6 7. Nf3 Re8 8. g3 b6 9. Bg2 Bb7 10. O-O Nbd7
11. b4
1-0

[Event "Nimzoindian Tribute to Pink Floyd"]
[Site "SchemingMind.com"]
[Date "2013.05.16"]
[Round "-"]
[White "marooned"]
[Black "Marco_M"]
[Result "1/2-1/2"]
[WhiteCountry "CHI"]
[BlackCountry "ITA"]
[WhiteElo "1911"]
[WhiteRD "107"]
[BlackElo "2164"]
[BlackRD "99"]
[GameID "331733"]

1. d4 Nf6 2. c4 e6 3. Nc3 Bb4 4. e3 c5 5. Nf3 O-O 6. Bd3 d5 7. O-O cxd4 8. exd4 dxc4 9. Bxc4 b6 10. Bg5 Bb7
11. Rc1 Nbd7 12. Re1 Rc8 13. Bd3 Be7 14. Ne5 Nd5 15. Bxe7 Qxe7 16. Qh5 h6 17. Nxd5 Bxd5 18. a3 Nf6 19. Qh4 Rc7 20. Rxc7 Qxc7
21. f4 Rd8 22. f5 Qd6 23. fxe6 Bxe6 24. Rd1 Bb3 25. Rd2 Qc7 26. Qe1 Rc8 27. Bf5 Qc1 28. Qxc1 Rxc1+ 29. Kf2 Bd5 30. Rc2 Rxc2+
31. Bxc2 Kf8 32. g4 Ke7 33. b4=
1/2-1/2

[Event "Nimzoindian Tribute to Pink Floyd"]
[Site "SchemingMind.com"]
[Date "2013.05.16"]
[Round "-"]
[White "Marco_M"]
[Black "marooned"]
[Result "1-0"]
[WhiteCountry "ITA"]
[BlackCountry "CHI"]
[WhiteElo "2165"]
[WhiteRD "103"]
[BlackElo "1912"]
[BlackRD "106"]
[GameID "331736"]

1. d4 Nf6 2. c4 e6 3. Nc3 Bb4 4. Qc2 O-O 5. a3 Bxc3+ 6. Qxc3 b6 7. Bg5 Bb7 8. f3 h6 9. Bh4 d6 10. e4 c5
11. dxc5 bxc5 12. Bd3 Nbd7 13. Ne2 d5 14. cxd5 exd5 15. exd5 Bxd5 16. O-O Qb6 17. Bf2 Qb3 18. Qxb3 Bxb3 19. Rac1 Rac8 20. Ba6 Rc6
21. Bc4 Bxc4 22. Rxc4 Rfc8 23. Rfc1 Nd5 24. Nd4 Rb6 25. b4
1-0

[Event "Nimzoindian Tribute to Pink Floyd"]
[Site "SchemingMind.com"]
[Date "2013.06.29"]
[Round "-"]
[White "Netferatu"]
[Black "smothered mate"]
[Result "1-0"]
[WhiteCountry "ARG"]
[BlackCountry "POL"]
[WhiteElo "2411"]
[WhiteRD "98"]
[BlackElo "1969"]
[BlackRD "77"]
[GameID "333718"]

1. d4 Nf6 2. c4 e6 3. Nc3 Bb4 4. e3 c5 5. Bd3 O-O 6. Nf3 d5 7. O-O dxc4 8. Bxc4 Nbd7 9. a3 cxd4 10. axb4 dxc3
11. bxc3 Qc7 12. Be2 Nd5 13. c4 Nc3 14. Qc2 Nxe2+ 15. Qxe2 b6 16. Bb2 Bb7 17. Nd4 a6 18. Rfd1 Rfd8 19. Rac1 Nf6 20. c5 bxc5
21. bxc5 Bc6 22. f3 Rdb8 23. Nxc6 Qxc6 24. Bxf6 gxf6 25. Rd6 Qa4 26. c6 Rc8 27. Qb2 Ra7 28. Qxf6
1-0

[Event "Nimzoindian Tribute to Pink Floyd"]
[Site "SchemingMind.com"]
[Date "2013.07.01"]
[Round "-"]
[White "smothered mate"]
[Black "Netferatu"]
[Result "0-1"]
[WhiteCountry "POL"]
[BlackCountry "ARG"]
[WhiteElo "1969"]
[WhiteRD "77"]
[BlackElo "2411"]
[BlackRD "98"]
[GameID "333721"]

1. d4 Nf6 2. c4 e6 3. Nc3 Bb4 4. f3 d5 5. a3 Bxc3+ 6. bxc3 c5 7. cxd5 Nxd5 8. dxc5 Qa5 9. e4 Ne7 10. Be3 O-O
11. Qb3 Qc7 12. a4 Nbc6 13. f4 Na5 14. Qa3 b6 15. Rb1 Bb7 16. Bd3 Nf5 17. cxb6 Qd8 18. Bd4 e5 19. fxe5 Bxe4 20. Bxe4 Qh4+
21. Kf1 Qxe4 22. Re1 Qd3+ 23. Ne2 Nxd4 24. Qd6 Qf5+
0-1

[Event "Nimzoindian Tribute to Pink Floyd"]
[Site "SchemingMind.com"]
[Date "2013.07.30"]
[Round "-"]
[White "NimbleKnight"]
[Black "John Galvin"]
[Result "0-1"]
[WhiteCountry "USA"]
[BlackCountry "USA"]
[WhiteElo "1839"]
[WhiteRD "72"]
[BlackElo "2359"]
[BlackRD "78"]
[GameID "335517"]

1. d4 Nf6 2. c4 e6 3. Nc3 Bb4 4. Qc2 c5 5. dxc5 O-O 6. Nf3 Na6 7. g3 Nxc5 8. Bg2 Nce4 9. O-O Nxc3 10. bxc3 Be7
11. Bf4 Nh5 12. Be3 Qc7 13. Qd3 Nf6 14. Rfd1 d6 15. Rab1 Rd8 16. Nd2 Nd7 17. Rb2 Nc5 18. Qc2 Rb8 19. Bxc5 dxc5 20. e4 Bd7
21. f4 e5 22. f5 Bf6 23. Qb1 Ba4 24. Nb3 Bg5 25. Re2 b5 26. Rxd8+ Rxd8 27. cxb5 c4 28. Na1 Rd1+ 29. Qxd1 Bxd1 30. Rb2 Qc5+
31. Kf1 Qe3 32. Rf2 Qd3+ 33. Ke1 Bg4 34. Rb2 Qe3+ 35. Kf1 Qc1+ 36. Kf2 Be3#
0-1

[Event "Nimzoindian Tribute to Pink Floyd"]
[Site "SchemingMind.com"]
[Date "2013.07.30"]
[Round "-"]
[White "John Galvin"]
[Black "NimbleKnight"]
[Result "1-0"]
[WhiteCountry "USA"]
[BlackCountry "USA"]
[WhiteElo "2360"]
[WhiteRD "73"]
[BlackElo "1812"]
[BlackRD "73"]
[GameID "335521"]

1. d4 Nf6 2. c4 e6 3. Nc3 Bb4 4. e3 b6 5. Ne2 Bb7 6. a3 Be7 7. Nf4 O-O 8. Bd3 Nc6 9. Nfe2 d6 10. O-O e5
11. d5 Nb8 12. Ng3 Nbd7 13. b4 Re8 14. e4 h6 15. Nf5 Bf8 16. Bd2 Qc8 17. Qf3 a5 18. Qh3 Kh7 19. Be2 axb4 20. axb4 Rxa1
21. Rxa1 Ng8 22. Bh5 g6 23. Bg4 Rd8 24. Bg5 f6 25. Be3 Ba6 26. b5 Bb7 27. Ng3 Kg7 28. Be6 h5 29. Nxh5+ gxh5 30. Qg3+ Kh7
31. Qxg8#
1-0

[Event "Nimzoindian Tribute to Pink Floyd"]
[Site "SchemingMind.com"]
[Date "2013.09.09"]
[Round "-"]
[White "Till Plewe"]
[Black "Andrea Carra"]
[Result "1/2-1/2"]
[WhiteCountry "JPN"]
[BlackCountry "ITA"]
[WhiteElo "2356"]
[WhiteRD "76"]
[BlackElo "2002"]
[BlackRD "165"]
[GameID "337775"]

1. d4 Nf6 2. c4 e6 3. Nc3 Bb4 4. e3 O-O 5. Ne2 d5 6. a3 Be7 7. cxd5 exd5 8. Nf4 c6 9. Bd3 Re8 10. O-O Bd6
11. f3 Qc7 12. b4 Nbd7 13. Qc2 Nf8 14. Qf2 Ne6 15. g3 b6 16. Nxe6 fxe6 17. e4 e5 18. Be3 Bh3 19. Rfe1 Rf8 20. exd5 Ng4
21. Qa2 Nxe3 22. dxc6+ Kh8 23. Rxe3 exd4 24. Nb5 Qxc6 25. Nxd4 Qd7 26. Ne6 Bxe6 27. Qxe6 Qxe6 28. Rxe6 Rad8 29. Be4 Rfe8 30. Rxe8+ Rxe8
31. Rd1 Rd8 32. Kf1 g6 33. Ke2 Kg7 34. f4 a5 35. bxa5 bxa5 36. Rd5 Bc7 37. Rc5 Rd7 38. h4 Bd8 39. h5 gxh5 40. Rxh5 h6
41. Rc5 Rd6 42. Rc8 Be7 43. Re8 Kf6 44. Rh8 Kg7 45. Rh7+ Kf8 46. a4 Re6 47. Kf3 Kg8 48. Bd3 Bb4 49. Rd7 Rd6 50. Bc4+ Kh8
51. Rc7 Rf6 52. Kg4 Rg6+ 53. Kh3 Rf6 54. Kh4 Be1 55. Kg4=
1/2-1/2

[Event "Nimzoindian Tribute to Pink Floyd"]
[Site "SchemingMind.com"]
[Date "2013.09.09"]
[Round "-"]
[White "Andrea Carra"]
[Black "Till Plewe"]
[Result "0-1"]
[WhiteCountry "ITA"]
[BlackCountry "JPN"]
[WhiteElo "1942"]
[WhiteRD "159"]
[BlackElo "2358"]
[BlackRD "69"]
[GameID "337780"]

1. d4 Nf6 2. c4 e6 3. Nc3 Bb4 4. Qc2 d5 5. cxd5 exd5 6. Bg5 c5 7. Nf3 h6 8. Bh4 g5 9. Bg3 Ne4 10. e3 Qa5
11. Rc1 Bf5 12. Bd3 c4 13. Bxe4 Bxe4 14. Qd2 Nc6 15. O-O O-O 16. h3 f6 17. Ne1 Rf7 18. f3 Bg6 19. a3 Bxc3 20. Qxc3 Re8
21. Nc2 Qxc3 22. bxc3 Bxc2 23. Rxc2 Rxe3 24. Re1 Rfe7 25. Rxe3 Rxe3 26. Kf2 Rd3 27. Ke2 Kf7 28. Be1 Na5 29. Rc1 f5 30. Rd1 Nb3
31. g4 f4 32. Rxd3 Nc1+ 33. Kd1 Nxd3 34. Ke2 Nxe1 35. Kxe1 Ke6
0-1

[Event "Nimzoindian Tribute to Pink Floyd"]
[Site "SchemingMind.com"]
[Date "2014.07.08"]
[Round "-"]
[White "John Galvin"]
[Black "Till Plewe"]
[Result "1-0"]
[WhiteCountry "USA"]
[BlackCountry "JPN"]
[WhiteElo "2395"]
[WhiteRD "91"]
[BlackElo "2311"]
[BlackRD "79"]
[GameID "361151"]

1. d4 Nf6 2. c4 e6 3. Nc3 Bb4 4. e3 c5 5. Ne2 cxd4 6. exd4 d5 7. c5 Ne4 8. a3 Bxc3+ 9. Nxc3 Nxc3 10. bxc3 O-O
11. Bb5 b6 12. O-O bxc5 13. dxc5 Qc7 14. Be3 Bb7 15. Rb1 Nd7 16. c4 Rfd8 17. cxd5 Bxd5 18. Qg4 Bc6 19. Bh6 g6 20. Rfc1 Bxb5
21. Rxb5 Qc6 22. Qe2 Rac8 23. h3 e5 24. Rb2 Qe6 25. Rd2 Re8 26. Qb5 Rc7 27. Qb4 Nb8 28. Rd6 Qe7 29. Qd2 Nc6 30. Bg5 Qf8
31. Re1 Rcc8 32. h4 Nd8 33. Bxd8 Rcxd8 34. Rxe5 Rxd6 35. Qxd6 Rd8 36. Qf6 h5 37. Re7 Rc8 38. Rd7
1-0

[Event "Nimzoindian Tribute to Pink Floyd"]
[Site "SchemingMind.com"]
[Date "2014.07.09"]
[Round "-"]
[White "Till Plewe"]
[Black "John Galvin"]
[Result "1/2-1/2"]
[WhiteCountry "JPN"]
[BlackCountry "USA"]
[WhiteElo "2361"]
[WhiteRD "82"]
[BlackElo "2404"]
[BlackRD "91"]
[GameID "361152"]

1. d4 Nf6 2. c4 e6 3. Nc3 Bb4 4. f3 O-O 5. e4 c5 6. d5 d6 7. Ne2 exd5 8. cxd5 Re8 9. Ng3 Nbd7 10. Be2 a6
11. O-O Ne5 12. Bg5 h6 13. Be3 Ba5 14. a4 Bd7 15. Qd2 b5 16. axb5 axb5 17. Kh1 Qb8 18. Bxh6 Bxc3 19. bxc3 Rxa1 20. Rxa1 gxh6
21. Qxh6 Ng6 22. h4 Re5 23. f4 Rxe4 24. Nxe4 Nxe4 25. Bf3 Ng3+ 26. Kh2 Nf5 27. Qg5 Nxh4 28. Be4 Qe8 29. Bxg6 Nxg6 30. Qf6 Qe4
31. Qd8+ Be8=
1/2-1/2

[Event "Nimzoindian Tribute to Pink Floyd"]
[Site "SchemingMind.com"]
[Date "2015.01.11"]
[Round "-"]
[White "Marco_M"]
[Black "Jari Laine"]
[Result "0-1"]
[WhiteCountry "ITA"]
[BlackCountry "FIN"]
[WhiteElo "2132"]
[WhiteRD "112"]
[BlackElo "2372"]
[BlackRD "75"]
[GameID "372555"]

1. d4 Nf6 2. c4 e6 3. Nc3 Bb4 4. e3 b6 5. Ne2 c5 6. a3 Ba5 7. Rb1 Na6 8. Qa4 Bb7 9. Bd2 Qe7 10. Ng3 O-O
11. d5 Rfc8 12. Be2 exd5 13. cxd5 c4 14. Bxc4 Nc5 15. Qd1 Nce4 16. Ncxe4 Nxe4 17. b4 Rxc4 18. bxa5 Bxd5 19. axb6 axb6 20. O-O Nxg3
21. hxg3 Qe6 22. Qb3 Rh4
0-1

[Event "Nimzoindian Tribute to Pink Floyd"]
[Site "SchemingMind.com"]
[Date "2015.01.11"]
[Round "-"]
[White "Jari Laine"]
[Black "Marco_M"]
[Result "1-0"]
[WhiteCountry "FIN"]
[BlackCountry "ITA"]
[WhiteElo "2372"]
[WhiteRD "75"]
[BlackElo "2132"]
[BlackRD "112"]
[GameID "372556"]

1. d4 Nf6 2. c4 e6 3. Nc3 Bb4 4. Qc2 c5 5. dxc5 O-O 6. a3 Bxc5 7. Nf3 b6 8. Bf4 Bb7 9. Rd1 Nc6 10. b4 Nh5
11. Bc1 Be7 12. e4 d6 13. Be2 Qb8 14. O-O Nf6 15. Bg5 Rd8 16. Qc1 a6 17. Qe3 Qc7 18. Bxf6 Bxf6 19. Na4 b5 20. Nb6 Rab8
21. cxb5 axb5 22. Bxb5 Na7 23. Rc1 Qe7 24. Bd3
1-0

[Event "Nimzoindian Tribute to Pink Floyd"]
[Site "SchemingMind.com"]
[Date "2015.07.11"]
[Round "-"]
[White "John Galvin"]
[Black "Jari Laine"]
[Result "0-1"]
[WhiteCountry "USA"]
[BlackCountry "FIN"]
[WhiteElo "2098"]
[WhiteRD "78"]
[BlackElo "2301"]
[BlackRD "78"]
[GameID "383123"]

1. d4 Nf6 2. c4 e6 3. Nc3 Bb4 4. e3 b6 5. Ne2 c5 6. a3 Ba5 7. Bd2 O-O 8. Ng3 Bb7 9. d5 Bxc3 10. Bxc3 exd5
11. Qf3 d4 12. Qxb7 Nc6 13. Qa6 dxc3 14. bxc3 h5 15. Bd3 Ng4
0-1

[Event "Nimzoindian Tribute to Pink Floyd"]
[Site "SchemingMind.com"]
[Date "2015.07.10"]
[Round "-"]
[White "Jari Laine"]
[Black "John Galvin"]
[Result "1-0"]
[WhiteCountry "FIN"]
[BlackCountry "USA"]
[WhiteElo "2301"]
[WhiteRD "78"]
[BlackElo "2098"]
[BlackRD "78"]
[GameID "383124"]

1. d4 Nf6 2. c4 e6 3. Nc3 Bb4 4. Qc2 c5 5. dxc5 Bxc5 6. Nf3 Nc6 7. Bf4 O-O 8. a3 e5 9. Bg5 Nd4 10. Nxd4 exd4
11. Ne4 Be7 12. Bxf6 Bxf6 13. g3 d6 14. Bg2 Bf5 15. O-O
1-0